000 00710nam a22002297a 4500
003 LK-CoDNM
005 20241101105054.0
008 241101b |||||||| |||| 00| 0 eng d
040 _aLK-CoDNM
_dLK-CoDNM
_eLK-CoDNM
041 _asin
080 _aප්‍ර.ස
_b8
100 _aUnknown
245 _aසඬර්‍ම රශ්මි 1 වන කලාපය
_b1924 වර්ෂය 1වන කාණ්ඩය
250 _a1st Edition
260 _bශ්‍රී භාරතී යන්ත්‍රාලය
_c1924
300 _a24p ; 21cm
490 _vVol 1
650 _aප්‍ර.ස 8
650 _aසඬර්‍ම රශ්මි
650 _a1924
942 _cBK
999 _c225168
_d225168